El niño con el pijama de rayas / (Registro nro. 61408)
[ vista simple ]
| 000 -LEADER | |
|---|---|
| fixed length control field | 01295cam a2200361 i 4500 |
| 001 - CONTROL NUMBER | |
| control field | 61408 |
| 003 - CONTROL NUMBER IDENTIFIER | |
| control field | Mx-PuUPA |
| 005 - DATE AND TIME OF LATEST TRANSACTION | |
| control field | 20260217193900.0 |
| 008 - FIXED-LENGTH DATA ELEMENTS--GENERAL INFORMATION | |
| fixed length control field | 140828s2011 sp gr 000 f spa d |
| 017 ## - COPYRIGHT OR LEGAL DEPOSIT NUMBER | |
| Copyright or legal deposit number | B-32.422-2011 |
| 020 ## - INTERNATIONAL STANDARD BOOK NUMBER | |
| International Standard Book Number | 9788498380798 |
| 040 ## - CATALOGING SOURCE | |
| Original cataloging agency | Mx-PuUPA |
| Language of cataloging | spa |
| Transcribing agency | Mx-PuUPA |
| Modifying agency | Mx-PuUPA |
| Description conventions | rda |
| 041 1# - LANGUAGE CODE | |
| Language code of text/sound track or separate title | spa |
| Language code of original | eng |
| 043 ## - GEOGRAPHIC AREA CODE | |
| Geographic area code | e-ge--- |
| 100 1# - MAIN ENTRY--PERSONAL NAME | |
| Personal name | Boyne, John, |
| Dates associated with a name | 1971- |
| 9 (RLIN) | 10933 |
| Relator term | autor |
| 240 14 - UNIFORM TITLE | |
| Uniform title | The boy in the striped pyjamas. |
| Language of a work | Español |
| 245 13 - TITLE STATEMENT | |
| Title | El niño con el pijama de rayas / |
| Statement of responsibility, etc. | John Boyne ; traducción del inglés de Gemma Rovira Ortega |
| 250 ## - EDITION STATEMENT | |
| Edition statement | 25a edición / |
| Remainder of edition statement | septiembre |
| 264 #1 - PRODUCTION, PUBLICATION, DISTRIBUTION, MANUFACTURE, AND COPYRIGHT NOTICE | |
| Place of production, publication, distribution, manufacture | Madrid, España : |
| Name of producer, publisher, distributor, manufacturer | Publicaciones y Ediciones Salamandra, |
| Date of production, publication, distribution, manufacture, or copyright notice | 2011 |
| 300 ## - PHYSICAL DESCRIPTION | |
| Extent | 219 páginas ; |
| Dimensions | 20 cm |
| 336 ## - CONTENT TYPE | |
| Content type term | texto |
| Fuente | rdacontent |
| Content type code | txt |
| 337 ## - MEDIA TYPE | |
| Media type term | sin medio |
| Source | rdamedia |
| Media type code | n |
| 338 ## - CARRIER TYPE | |
| Carrier type term | volumen |
| Source | rdacarrier |
| Carrier type code | nc |
| 650 #7 - SUBJECT ADDED ENTRY--TOPICAL TERM | |
| Source of heading or term | armarc |
| Topical term or geographic name entry element | Amistad |
| 650 #7 - SUBJECT ADDED ENTRY--TOPICAL TERM | |
| Source of heading or term | armarc |
| Topical term or geographic name entry element | Primera Guerra Mundial |
| Chronological subdivision | 1939-1945 |
| General subdivision | Novela juvenil |
| 650 #7 - SUBJECT ADDED ENTRY--TOPICAL TERM | |
| Source of heading or term | armarc |
| Topical term or geographic name entry element | Holocausto judío |
| Chronological subdivision | 1939-1945 |
| General subdivision | Novela juvenil |
| 651 #4 - SUBJECT ADDED ENTRY--GEOGRAPHIC NAME | |
| Geographic name | Berlin (Alemania) |
| Form subdivision | Novela |
| 700 1# - ADDED ENTRY--PERSONAL NAME | |
| Personal name | Rovira Ortega, Gemma, |
| Relator term | traductor |
| 765 0# - ORIGINAL LANGUAGE ENTRY | |
| Main entry heading | Boyne, John, 1971- |
| Title | The boy in the striped pyjamas. |
| 942 ## - ADDED ENTRY ELEMENTS (KOHA) | |
| Source of classification or shelving scheme | Dewey Decimal Classification |
| Koha item type | Libro |
| Classification part | 823.914 |
| Item part | B7818 |
| Withdrawn status | Lost status | Source of classification or shelving scheme | Damaged status | Not for loan | Collection code | Home library | Current library | Shelving location | Date acquired | Source of acquisition | Total Checkouts | Full call number | Barcode | Date last seen | Date last checked out | Price effective from | Koha item type |
|---|---|---|---|---|---|---|---|---|---|---|---|---|---|---|---|---|---|
| Dewey Decimal Classification | General | Tehuacán | Tehuacán | Sala general | 13/02/2016 | Compra | 1 | 863 BOY 2011 | 510104 | 08/10/2018 | 01/10/2018 | 13/02/2016 | Libro | ||||
| Dewey Decimal Classification | General | Tehuacán | Tehuacán | Sala general | 28/08/2014 | Compra | 1 | 863 BOY 2011 | 509472 | 08/01/2025 | 28/10/2015 | 06/02/2016 | Libro | ||||
| Dewey Decimal Classification | General | Tehuacán | Tehuacán | Sala general | 06/02/2016 | Compra | 823.914 B7818 2011 | 968000003106 | 03/03/2026 | 09/02/2016 | Libro |